00338 a2200097 4500001001000000005001700010008004100027245009300068100002400161773005500185ART_5511520260410161800.0260409a 10aDemonización y penalización del ejercicio de la profesión de ciencias económicas1 aSequeira, Marcos A.0 tDoctrina tributariag- N°502 (ene. 2022)wREV4296